Music Quiz

Random Music or Country Music Quiz

The Common Linnets album tracks Quiz Stats

 Plays Quiz not verified by Sporcle

Challenge
Share
Tweet
Embed
Score 0/13 Timer 07:00
0 Plays Today
Track Number Track % Correct
1Calm After the Storm
100%
7Broken But Home
72.7%
2Hungry Hands
63.6%
3Arms of Salvation
63.6%
4Still Loving After You
63.6%
5Sun Song
63.6%
6Lovers and Liars
59.1%
13Love Goes On
59.1%
10Time Has No Mercy
54.5%
12When Love Was King
54.5%
9Where Do I Go With Me?
50%
11Give Me a Reason
50%
8Before Complete Surrender
45.5%

You're not logged in!

Compare scores with friends on all Sporcle quizzes.
OR
Log In

You Might Also Like...

Show Comments

Extras

Top Quizzes Today


Score Distribution

Your Account Isn't Verified!

In order to create a playlist on Sporcle, you need to verify the email address you used during registration. Go to your Sporcle Settings to finish the process.

Report this User

Report this user for behavior that violates our Community Guidelines.

Details: